[Event "XVI C.to Mondiale seniores"]
[Site "Arvier ITA"]
[Date "2006.09.13"]
[Round "3"]
[White "Arkhangelsky, Boris"]
[Black "Etmans, Maarten D."]
[Result "1/2-1/2"]
[WhiteElo "2395"]
[BlackElo "2159"]
[PlyCount "74"]
[EventDate "2006.09.11"]

1. d4 e6 2. Nf3 b5 3. e4 a6 4. a4 Bb7 5. Nbd2 b4 6. Bd3 d6 7. c4 c5 8. O-O Nd7
9. Nb3 Qc7 10. Qe2 e5 11. d5 h6 12. Ne1 O-O-O 13. f4 exf4 14. Bxf4 Re8 15. Nd2
Be7 16. e5 dxe5 17. Bg3 Ngf6 18. Bf5 Bd6 19. Nd3 Kb8 20. Rae1 Rhf8 21. Ne4 Nxe4
22. Qxe4 Bc8 23. Bxd7 Bxd7 24. Bxe5 Bxe5 25. Nxe5 f6 26. Nxd7+ Qxd7 27. Qf4+
Kb7 28. Re3 Re7 29. Rxe7 Qxe7 30. d6 Qe6 31. Qf3+ Ka7 32. Rd1 Rd8 33. Qd3 a5
34. b3 Rd7 35. Qg3 Qe5 36. Qd3 Kb6 37. h3 f5 1/2-1/2

[Event "XVI C.to Mondiale seniores"]
[Site "Arvier ITA"]
[Date "2006.09.13"]
[Round "3"]
[White "Bondick, Karl-Heinz"]
[Black "Neri, Angelo"]
[Result "1/2-1/2"]
[WhiteElo "2154"]
[BlackElo "1981"]
[PlyCount "85"]
[EventDate "2006.09.11"]

1. d4 f5 2. e4 fxe4 3. Nc3 Nf6 4. g4 h6 5. Bg2 d5 6. h3 Nc6 7. f3 exf3 8. Nxf3
Qd6 9. O-O a6 10. Qd3 Be6 11. Ne5 O-O-O 12. Bf4 Nxe5 13. dxe5 Qc5+ 14. Kh1 Ne4
15. Nxe4 dxe4 16. Qxe4 Bd5 17. Qe2 Bc4 18. Qf3 Bd5 19. Qg3 e6 20. c3 Qc6 21.
Rad1 g5 22. Be3 Bxg2+ 23. Qxg2 Qxg2+ 24. Kxg2 Rxd1 25. Rxd1 Bg7 26. Bd4 b6 27.
b4 Rf8 28. Rf1 Kd7 29. Rxf8 Bxf8 30. Kf3 c5 31. bxc5 bxc5 32. Bf2 Kc6 33. Ke4
Kb5 34. Kd3 c4+ 35. Ke4 Kc6 36. Be3 a5 37. Ba7 a4 38. Be3 a3 39. Bc1 Bc5 40.
Bd2 Kb5 41. Be1 Kc6 42. h4 Be7 43. h5 1/2-1/2

[Event "XVI C.to Mondiale seniores"]
[Site "Arvier ITA"]
[Date "2006.09.13"]
[Round "3"]
[White "Cebalo, Miso"]
[Black "Sorokin, Valentin"]
[Result "1-0"]
[WhiteElo "2505"]
[BlackElo "2337"]
[PlyCount "75"]
[EventDate "2006.09.11"]

1. d4 d5 2. c4 e6 3. Nc3 c5 4. cxd5 exd5 5. Nf3 Nc6 6. g3 Nf6 7. Bg2 Be7 8. O-O
O-O 9. Bg5 cxd4 10. Nxd4 h6 11. Be3 Re8 12. Rc1 Bg4 13. h3 Be6 14. Nxe6 fxe6
15. f4 Bd6 16. Bf2 Qe7 17. e4 Bc5 18. exd5 Rad8 19. Kh2 Bxf2 20. Rxf2 Nb4 21.
Re2 Nbxd5 22. Nxd5 Nxd5 23. Qb3 Qf7 24. Rce1 Kh8 25. Re5 Rd6 26. f5 Nc7 27.
Qxb7 Rb6 28. fxe6 Rexe6 29. Qc8+ Kh7 30. Rxe6 Rxe6 31. Rxe6 Nxe6 32. Qc2+ Kh8
33. Bd5 Qf6 34. Qe2 Nf8 35. b4 Qd4 36. Bc4 Nd7 37. Qe8+ Kh7 38. Bg8+ 1-0

[Event "XVI C.to Mondiale seniores"]
[Site "Arvier ITA"]
[Date "2006.09.13"]
[Round "3"]
[White "Chernikov, Oleg L."]
[Black "Altshul, Raffael"]
[Result "1/2-1/2"]
[WhiteElo "2422"]
[BlackElo "2291"]
[PlyCount "106"]
[EventDate "2006.09.11"]

1. d4 g6 2. Nc3 d6 3. g3 Bg7 4. Bg2 d5 5. Nf3 Nf6 6. O-O O-O 7. Ne5 c6 8. Bf4
Nbd7 9. Qd2 Nxe5 10. Bxe5 Bf5 11. h3 h5 12. Kh2 Qd7 13. b4 Rfd8 14. e3 Ne4 15.
Nxe4 Bxe4 16. f3 Bxe5 17. dxe5 Bf5 18. c3 a5 19. a3 Qc7 20. f4 Ra7 21. Rfd1
axb4 22. axb4 Rda8 23. Rxa7 Rxa7 24. Qd4 Ra2 25. Rd2 Rxd2 26. Qxd2 Qb6 27. Bf3
Qa7 28. g4 hxg4 29. hxg4 Be6 30. Kg3 Qa1 31. Kf2 Kg7 32. Qc2 f5 33. g5 Qa7 34.
Qd2 b5 35. Qb2 Kg8 36. Ke2 Bf7 37. Kd3 Be6 38. Bd1 Bf7 39. Bc2 Kf8 40. Bb1 Qa4
41. Bc2 Qa7 42. Bb3 Ke8 43. Qa2 Qxa2 44. Bxa2 Kd7 45. Kd4 e6 46. Bb1 Kc7 47.
Kc5 Be8 48. Bd3 Bf7 49. Be2 Be8 50. Bf1 Bd7 51. Bh3 Be8 52. Bf1 Bd7 53. Be2 Be8
1/2-1/2

[Event "XVI C.to Mondiale seniores"]
[Site "Arvier ITA"]
[Date "2006.09.13"]
[Round "3"]
[White "Cleal, John"]
[Black "Elfert, Aleksandr V."]
[Result "0-1"]
[WhiteElo "1990"]
[BlackElo "2166"]
[PlyCount "66"]
[EventDate "2006.09.11"]

1. e4 d6 2. d3 Nf6 3. Nf3 Bg4 4. Nbd2 Nc6 5. c3 h6 6. Be2 e5 7. Nc4 Qd7 8. Ne3
Be6 9. d4 exd4 10. cxd4 d5 11. e5 Ne4 12. O-O Be7 13. Bd2 g5 14. Bc3 g4 15. Nd2
Nxd2 16. Qxd2 Rg8 17. f4 gxf3 18. Bxf3 O-O-O 19. Qe2 Rg5 20. a3 Rdg8 21. b4 f5
22. b5 Nd8 23. Kh1 f4 24. Nc2 Bg4 25. Rg1 Qe8 26. Bb4 Ne6 27. Bxe7 Qxe7 28. a4
Qh7 29. Rac1 Qf5 30. a5 Rh5 31. Rgd1 Rxh2+ 32. Kxh2 Qh5+ 33. Kg1 Bxf3 0-1

[Event "XVI C.to Mondiale seniores"]
[Site "Arvier ITA"]
[Date "2006.09.13"]
[Round "3"]
[White "Gabriel, Josef"]
[Black "Cavatorta, Fosco"]
[Result "1-0"]
[WhiteElo "2204"]
[BlackElo "2010"]
[PlyCount "145"]
[EventDate "2006.09.11"]

1. c4 e5 2. Nc3 d6 3. g3 f5 4. Bg2 Nf6 5. d3 Be7 6. e3 O-O 7. Nge2 c6 8. O-O a5
9. Rb1 Na6 10. a3 Nc7 11. b4 axb4 12. axb4 d5 13. c5 Be6 14. Na4 Ra6 15. Bb2
Nd7 16. f4 Bf6 17. fxe5 Bxe5 18. Nd4 Qe7 19. Bh3 g6 20. Qb3 Bf7 21. Ra1 Bg7 22.
Rfe1 Rfa8 23. Bxf5 Ne5 24. Bh3 Rxa4 25. Rxa4 Rxa4 26. Qxa4 Nxd3 27. Qa1 Nxe1
28. Qxe1 Bh6 29. Nc2 Nb5 30. Bg2 Bg7 31. Bxg7 Kxg7 32. Bf1 Qe4 33. Qd2 Nc7 34.
Qc3+ Kf8 35. Bg2 Qc4 36. Qh8+ Ke7 37. Qe5+ Ne6 38. Nd4 Qxb4 39. Bh3 Qe1+ 40.
Kg2 Qd2+ 41. Kf3 Qd1+ 42. Kf2 Qd2+ 43. Ne2 Qc2 44. Bxe6 Bxe6 45. Qc7+ Kf6 46.
Qxb7 Qxc5 47. Nd4 h5 48. Qg7+ Kxg7 49. Nxe6+ Kf6 50. Nxc5 Ke5 51. h4 Kf5 52.
Kf3 g5 53. Nb3 gxh4 54. gxh4 Ke5 55. Nc5 Kd6 56. Nd3 c5 57. Nf4 Ke5 58. Nxh5 d4
59. exd4+ Kxd4 60. Ke2 Ke4 61. Ng3+ Kf4 62. h5 Kg5 63. Kd3 Kh6 64. Kc4 Kg5 65.
Kxc5 Kh6 66. Kd5 Kg5 67. Ke5 Kh6 68. Kf5 Kg7 69. Kg5 Kh7 70. Nf5 Kg8 71. Kg6
Kh8 72. Nd6 Kg8 73. h6 1-0

[Event "XVI C.to Mondiale seniores"]
[Site "Arvier ITA"]
[Date "2006.09.13"]
[Round "3"]
[White "Gutzeit, Avraham"]
[Black "Johnsen, Gunnar"]
[Result "1/2-1/2"]
[WhiteElo "2079"]
[BlackElo "2215"]
[PlyCount "66"]
[EventDate "2006.09.11"]

1. e4 g6 2. d4 Bg7 3. Nf3 d6 4. h3 a6 5. Bc4 e6 6. Bb3 Ne7 7. O-O Nd7 8. c3 O-O
9. Be3 Nf6 10. Nbd2 b6 11. Qe2 Bb7 12. Bf4 h6 13. Bh2 d5 14. e5 Nd7 15. a4 a5
16. Bc2 Ba6 17. Bd3 Bxd3 18. Qxd3 c5 19. Rfe1 Nc6 20. Rac1 Qe7 21. Qb5 Rfc8 22.
Qb3 cxd4 23. cxd4 Qb4 24. Qxb4 Nxb4 25. Rc3 Rxc3 26. bxc3 Na2 27. Nb1 Rc8 28.
Re2 Nc1 29. Rc2 Nd3 30. Kf1 Nb4 31. Rb2 Na6 32. Bf4 Bf8 33. Ke2 Rb8 1/2-1/2

[Event "XVI C.to Mondiale seniores"]
[Site "Arvier ITA"]
[Date "2006.09.13"]
[Round "3"]
[White "Hocevar, Nikola"]
[Black "Ljubarskij, Juri"]
[Result "0-1"]
[WhiteElo "2090"]
[BlackElo "2341"]
[PlyCount "144"]
[EventDate "2006.09.11"]

1. c4 e5 2. Nc3 f5 3. Nf3 Nc6 4. d4 e4 5. d5 Nb4 6. Nd4 Qf6 7. Ndb5 Na6 8. a3
c6 9. Nd4 Bd6 10. g4 g6 11. gxf5 gxf5 12. e3 Ne7 13. Qh5+ Qg6 14. Be2 Nc7 15.
dxc6 dxc6 16. Bd2 Be5 17. O-O-O Ne6 18. Rdg1 Qxh5 19. Bxh5+ Kf8 20. Nxe6+ Bxe6
21. Be2 Kf7 22. Kc2 Rag8 23. h3 Rxg1 24. Rxg1 Rg8 25. Rxg8 Nxg8 26. b3 Kg6 27.
f4 exf3 28. Bxf3 Nh6 29. Ne2 Kg5 30. e4+ f4 31. h4+ Kxh4 32. Nxf4 Bg4 33. Bxg4
Nxg4 34. Be1+ Kg5 35. Ne6+ Kg6 36. Nd8 Nf6 37. Kd3 h5 38. Bh4 Ng4 39. Nxb7 Bf6
40. Bg3 h4 41. Bxh4 Bxh4 42. b4 Kf6 43. c5 Ke6 44. a4 Ne5+ 45. Kc3 Be1+ 46. Kb3
Kd7 47. b5 Kc7 48. Nd6 Bf2 49. Nc4 Nd3 50. b6+ axb6 51. cxb6+ Bxb6 52. e5 Bd4
53. Na5 Nxe5 54. Nxc6 Nxc6 55. a5 Nxa5+ 56. Kb4 Kb6 57. Ka4 Bc3 58. Ka3 Kb5 59.
Ka2 Kb4 60. Kb1 Kc4 61. Kc2 Nc6 62. Kd1 Kd3 63. Kc1 Nb4 64. Kb1 Nc2 65. Ka2 Kc4
66. Kb1 Kb3 67. Kc1 Ne3 68. Kb1 Bd2 69. Ka1 Nd1 70. Kb1 Ne3 71. Ka1 Nc4 72. Kb1
Na3+ 0-1

[Event "XVI C.to Mondiale seniores"]
[Site "Arvier ITA"]
[Date "2006.09.13"]
[Round "3"]
[White "Hook, William"]
[Black "Piankov, Evgenij"]
[Result "0-1"]
[WhiteElo "2084"]
[BlackElo "2324"]
[PlyCount "84"]
[EventDate "2006.09.11"]

1. Nf3 d5 2. b3 Nf6 3. Bb2 Bg4 4. e3 Nbd7 5. Be2 e6 6. c4 Bd6 7. d4 c6 8. O-O
Ne4 9. Nbd2 Ndf6 10. Ne5 Bxe2 11. Qxe2 Nxd2 12. Qxd2 O-O 13. f3 Qc7 14. g4 Rad8
15. Qc2 Nd7 16. Nd3 Rfe8 17. e4 f6 18. c5 Be7 19. exd5 exd5 20. Bc1 Nf8 21. Bf4
Qd7 22. Rae1 Ne6 23. Be3 Bf8 24. f4 g6 25. f5 gxf5 26. gxf5 Ng7 27. Qg2 Kh8 28.
Qh3 Re7 29. Bd2 Rde8 30. Rxe7 Rxe7 31. Bh6 Kg8 32. Rf3 Re4 33. Nf2 Rxd4 34. Ng4
Qe7 35. Qh4 Kf7 36. Bxg7 Rd1+ 37. Kg2 Qe2+ 38. Nf2 Bxg7 39. Qxh7 Qf1+ 40. Kg3
Rd2 41. Ng4 Rg2+ 42. Kh4 Qxf3 0-1

[Event "XVI C.to Mondiale seniores"]
[Site "Arvier ITA"]
[Date "2006.09.13"]
[Round "3"]
[White "Hvenekilde, Jorgen"]
[Black "Jakobsen, Ole"]
[Result "1/2-1/2"]
[WhiteElo "2181"]
[BlackElo "2387"]
[PlyCount "44"]
[EventDate "2006.09.11"]

1. d4 Nf6 2. c4 e6 3. Nc3 Bb4 4. Bd2 O-O 5. a3 Bxc3 6. Bxc3 Ne4 7. Rc1 b6 8.
Nf3 Bb7 9. e3 d6 10. Bd3 Nd7 11. O-O f5 12. b4 Nxc3 13. Rxc3 Qe7 14. Rc1 Nf6
15. Nd2 Ne4 16. Rc2 a5 17. f3 Nxd2 18. Qxd2 axb4 19. axb4 c5 20. bxc5 bxc5 21.
Rb2 Bc6 22. Rb6 Qc7 1/2-1/2

[Event "XVI C.to Mondiale seniores"]
[Site "Arvier ITA"]
[Date "2006.09.13"]
[Round "3"]
[White "Jansa, Vlastimil"]
[Black "Nordstrom, Felix"]
[Result "1-0"]
[WhiteElo "2482"]
[BlackElo "2178"]
[PlyCount "51"]
[EventDate "2006.09.11"]

1. e4 e6 2. d4 d5 3. Nd2 c5 4. Ngf3 cxd4 5. exd5 Qxd5 6. Bc4 Qd6 7. O-O Nf6 8.
Nb3 Nc6 9. Nbxd4 Nxd4 10. Nxd4 Bd7 11. c3 Be7 12. Qf3 Qc7 13. Bb3 O-O 14. Re1
Rfe8 15. Bf4 Qb6 16. Be5 Rad8 17. Qg3 Nh5 18. Qh3 Nf6 19. Re3 Qa5 20. Rae1 Ba4
21. Bc4 Nd5 22. Bd3 h6 23. Rg3 Bg5 24. Rxg5 hxg5 25. Qh7+ Kf8 26. Nf5 1-0

[Event "XVI C.to Mondiale seniores"]
[Site "Arvier ITA"]
[Date "2006.09.13"]
[Round "3"]
[White "Karasev, Vladimir I."]
[Black "Ofstad, Per"]
[Result "1-0"]
[WhiteElo "2379"]
[BlackElo "2151"]
[PlyCount "129"]
[EventDate "2006.09.11"]

1. e3 d5 2. b3 e5 3. Bb2 Bd6 4. c4 Nf6 5. c5 Bxc5 6. Bxe5 Qe7 7. Bb2 Nc6 8. a3
a6 9. b4 Bd6 10. Nf3 Bg4 11. Be2 O-O 12. d3 Rfe8 13. Nbd2 Rad8 14. O-O h6 15.
Re1 Ne5 16. Nxe5 Bxe2 17. Qxe2 Bxe5 18. Nf3 Bd6 19. Nd4 Qd7 20. h3 c6 21. Qf3
Be5 22. Rab1 Nh7 23. Nf5 Bxb2 24. Rxb2 Re6 25. g4 Rde8 26. Qg3 Qd8 27. Rbe2 Nf8
28. e4 dxe4 29. dxe4 c5 30. bxc5 Rc6 31. Rb2 Rxc5 32. Nd6 Qa5 33. Rb4 Re7 34.
Qe3 Qc7 35. Nf5 Re6 36. Rxb7 Qxb7 37. Qxc5 Ng6 38. Qd4 Ne5 39. Kg2 Qb3 40. Re3
Qb6 41. f4 Qxd4 42. Nxd4 Rd6 43. Nf5 Rd2+ 44. Kg3 Nd3 45. e5 Nc5 46. Nd6 Rd4
47. Kf3 g6 48. f5 Nd7 49. Ne8 Kf8 50. Nc7 Rc4 51. Nxa6 gxf5 52. gxf5 f6 53.
exf6 Nxf6 54. Ke2 Nd5 55. Rb3 Kf7 56. Nb4 Ne7 57. Rf3 Kf6 58. Kd2 Nxf5 59. Nd5+
Ke6 60. Rxf5 Rd4+ 61. Ke3 Rh4 62. Rh5 Ra4 63. Nf4+ Kf7 64. Rxh6 Rxa3+ 65. Ke4
1-0

[Event "XVI C.to Mondiale seniores"]
[Site "Arvier ITA"]
[Date "2006.09.13"]
[Round "3"]
[White "Karl, Hans"]
[Black "Zakharov, Alexander"]
[Result "1/2-1/2"]
[WhiteElo "2240"]
[BlackElo "2395"]
[PlyCount "55"]
[EventDate "2006.09.11"]

1. d4 Nf6 2. c4 g6 3. Nc3 d5 4. Bg5 Ne4 5. Bh4 Nxc3 6. bxc3 Bg7 7. e3 c5 8. Qb3
cxd4 9. exd4 dxc4 10. Bxc4 O-O 11. Nf3 Nc6 12. Be2 Be6 13. Qa3 Bd5 14. O-O Qa5
15. Qb2 Rfe8 16. Bg3 e5 17. Rfd1 Bxf3 18. Bxf3 exd4 19. Qxb7 Ne5 20. Bxe5 Bxe5
21. Bd5 Rab8 22. Qxf7+ Kh8 23. cxd4 Rf8 24. Qe6 Rbe8 25. Qg4 Bxh2+ 26. Kxh2
Qxd5 27. Rd2 Re4 28. Qg3 1/2-1/2

[Event "XVI C.to Mondiale seniores"]
[Site "Arvier ITA"]
[Date "2006.09.13"]
[Round "3"]
[White "Keserovic, Milan"]
[Black "Klundt, Klaus"]
[Result "0-1"]
[WhiteElo "2230"]
[BlackElo "2380"]
[PlyCount "80"]
[EventDate "2006.09.11"]

1. e4 Nf6 2. e5 Nd5 3. d4 d6 4. Nf3 Bg4 5. Be2 e6 6. c4 Nb6 7. exd6 cxd6 8. h3
Bh5 9. Nc3 Be7 10. Be3 O-O 11. O-O d5 12. c5 Bxf3 13. Bxf3 Nc4 14. Bf4 Nc6 15.
b3 N4a5 16. Rc1 Bf6 17. Be3 Ne7 18. g4 g6 19. Qd2 Nac6 20. Rfd1 Bg7 21. Ne2 Qd7
22. b4 a6 23. Bg2 f5 24. Bf4 fxg4 25. hxg4 e5 26. dxe5 Qxg4 27. Bg3 Rad8 28.
Nf4 Nxe5 29. Nxd5 Nxd5 30. Bxd5+ Kh8 31. Qe3 h5 32. Kf1 Rxd5 33. Rxd5 Qh3+ 34.
Ke2 Ng4 35. Qe4 Nf6 36. Qf3 Nxd5 37. Qxd5 Qg4+ 38. Ke1 Qxb4+ 39. Kf1 Qa3 40.
Qg5 Rf5 0-1

[Event "XVI C.to Mondiale seniores"]
[Site "Arvier ITA"]
[Date "2006.09.13"]
[Round "3"]
[White "Laco, Giuseppe"]
[Black "Marjanovic, Slavko"]
[Result "1-0"]
[WhiteElo "2143"]
[BlackElo "1967"]
[PlyCount "71"]
[EventDate "2006.09.11"]

1. c4 e5 2. Nc3 Nc6 3. g3 g6 4. Bg2 Bg7 5. a3 a5 6. d3 d6 7. Rb1 f5 8. h4 Nf6
9. Nd5 h6 10. e3 O-O 11. Nxf6+ Qxf6 12. Ne2 Ne7 13. b4 axb4 14. axb4 c6 15. Bb2
Be6 16. f4 Qf7 17. O-O Bf6 18. Qd2 Kh7 19. c5 exf4 20. Nxf4 g5 21. cxd6 Nc8 22.
Nxe6 Qxe6 23. Bxf6 Qxf6 24. Rxf5 Qxd6 25. Rxf8 Qxf8 26. Rf1 Qg7 27. Qf2 Ne7 28.
Qf7 gxh4 29. g4 Kh8 30. Rf4 Rd8 31. d4 Ra8 32. Be4 Ra3 33. Kf2 h3 34. Qe8+ Ng8
35. Rf7 Ra8 36. Rxg7 1-0

[Event "XVI C.to Mondiale seniores"]
[Site "Arvier ITA"]
[Date "2006.09.13"]
[Round "3"]
[White "Loktiev, Ivan"]
[Black "Siegmund, Rainer"]
[Result "1/2-1/2"]
[WhiteElo "2383"]
[BlackElo "2154"]
[PlyCount "32"]
[EventDate "2006.09.11"]

1. d4 Nf6 2. c4 e6 3. Nc3 Bb4 4. Qc2 O-O 5. a3 Bxc3+ 6. Qxc3 b6 7. Bg5 Bb7 8.
f3 d5 9. e3 h6 10. Bh4 Nbd7 11. cxd5 Nxd5 12. Bxd8 Nxc3 13. Bh4 Nd5 14. Bf2 c5
15. e4 Nc7 16. Ne2 Rac8 1/2-1/2

[Event "XVI C.to Mondiale seniores"]
[Site "Arvier ITA"]
[Date "2006.09.13"]
[Round "3"]
[White "Malmdin, Nils Ake"]
[Black "Thieme, Hans"]
[Result "1-0"]
[WhiteElo "2218"]
[BlackElo "2053"]
[PlyCount "43"]
[EventDate "2006.09.11"]

1. e4 c5 2. Nf3 e6 3. d3 Nc6 4. g3 g6 5. Bg2 Bg7 6. O-O Nge7 7. c3 d5 8. Nbd2
O-O 9. Re1 b6 10. e5 Qc7 11. Qe2 a5 12. Nf1 h6 13. h4 Bb7 14. N1h2 Rfd8 15. Ng4
Kh7 16. Bf4 Qc8 17. h5 Rh8 18. Nf6+ Bxf6 19. exf6 Ng8 20. hxg6+ Kxg6 21. Nh4+
Kh7 22. Qe4+ 1-0

[Event "XVI C.to Mondiale seniores"]
[Site "Arvier ITA"]
[Date "2006.09.13"]
[Round "3"]
[White "Masich, Vladimir"]
[Black "Barlocco, Carlo"]
[Result "1-0"]
[WhiteElo "2041"]
[BlackElo "2183"]
[PlyCount "79"]
[EventDate "2006.09.11"]

1. Nf3 g6 2. g3 Bg7 3. Bg2 c5 4. O-O Nc6 5. d3 d5 6. Nbd2 Nf6 7. e4 O-O 8. Qe2
Bg4 9. Nb3 c4 10. exd5 cxd3 11. Qxd3 Qxd5 12. Nfd4 Qh5 13. Nxc6 bxc6 14. Re1
Rfd8 15. Qe3 Nd5 16. Qc5 e6 17. a3 Bf8 18. Qa5 Bf3 19. Bxf3 Qxf3 20. Nd4 Qf6
21. Nxc6 Rdc8 22. Qa4 Bc5 23. Rf1 e5 24. Nb4 Nb6 25. Qb3 Nc4 26. Qxc4 a5 27.
Nd3 Bd4 28. Qd5 Qa6 29. Nxe5 Rd8 30. Qxf7+ Kh8 31. Nd3 Rac8 32. Be3 Bg7 33. Nc5
Qc6 34. Qe6 Rd6 35. Qe4 Qb5 36. Rab1 Re8 37. Qa4 Qb8 38. Bf4 Be5 39. Nd7 Rxd7
40. Bxe5+ 1-0

[Event "XVI C.to Mondiale seniores"]
[Site "Arvier ITA"]
[Date "2006.09.13"]
[Round "3"]
[White "Profaizer, Gino"]
[Black "Kaminik, Aleksandar"]
[Result "1/2-1/2"]
[WhiteElo "2060"]
[BlackElo "2226"]
[PlyCount "122"]
[EventDate "2006.09.11"]

1. d4 Nf6 2. c4 g6 3. Nc3 Bg7 4. e4 O-O 5. Bg5 c5 6. d5 d6 7. h3 e6 8. Bd3 exd5
9. cxd5 Qa5 10. Bd2 Qd8 11. Nf3 Re8 12. O-O c4 13. Bc2 Na6 14. Re1 Nb4 15. Bf4
Nxc2 16. Qxc2 a6 17. a4 Nh5 18. Bh2 Bh6 19. Ne2 f5 20. e5 dxe5 21. Bxe5 Qxd5
22. Rad1 Qf7 23. Bc3 Be6 24. Ne5 Qc7 25. Nd4 Rad8 26. Nxe6 Rxe6 27. Rxd8+ Qxd8
28. Nxc4 Rxe1+ 29. Bxe1 Bg7 30. Bc3 Bxc3 31. Qxc3 Qd1+ 32. Kh2 Qxa4 33. Qd4 Qc6
34. Qd8+ Kg7 35. Qe7+ Kg8 36. Nd6 h6 37. Qf7+ Kh8 38. Qxg6 Ng7 39. Qxh6+ Kg8
40. Qg6 Qd5 41. h4 Qe5+ 42. Kh3 Qe2 43. f3 Qxb2 44. Nxf5 Kf8 45. Nh6 Ke7 46.
Qf7+ Kd8 47. Ng8 Qe5 48. f4 Qe6+ 49. Qxe6 Nxe6 50. f5 Nf8 51. g4 a5 52. g5 a4
53. g6 a3 54. g7 Nh7 55. Ne7 Nf6 56. Nd5 Ng8 57. Nb4 Ke7 58. Kg4 Kf6 59. Kf4
Kxg7 60. Ke5 Kf7 61. Kd6 Kf6 1/2-1/2

[Event "XVI C.to Mondiale seniores"]
[Site "Arvier ITA"]
[Date "2006.09.13"]
[Round "3"]
[White "Rosino, Antonio"]
[Black "Plachetka, Jan"]
[Result "0-1"]
[WhiteElo "2290"]
[BlackElo "2427"]
[PlyCount "46"]
[EventDate "2006.09.11"]

1. e4 c5 2. c3 d5 3. exd5 Qxd5 4. d4 g6 5. Nf3 Bg7 6. Be2 Nf6 7. c4 Qd8 8. d5
O-O 9. Nc3 e6 10. O-O exd5 11. cxd5 Bf5 12. Be3 Ne4 13. Qb3 Qb6 14. Na4 Qxb3
15. axb3 Na6 16. Nh4 Bd7 17. Rfd1 Rfe8 18. Bxa6 bxa6 19. Nxc5 Bb5 20. Nxa6 Bxb2
21. Nc7 Nc3 22. Nxb5 Bxa1 23. Rxa1 Nxb5 0-1

[Event "XVI C.to Mondiale seniores"]
[Site "Arvier ITA"]
[Date "2006.09.13"]
[Round "3"]
[White "Rotelli, Pietro"]
[Black "Serra Olives, Tomas"]
[Result "0-1"]
[WhiteElo "1983"]
[BlackElo "2140"]
[PlyCount "60"]
[EventDate "2006.09.11"]

1. d4 Nf6 2. c4 e6 3. Nc3 Bb4 4. Qc2 O-O 5. Bg5 c5 6. a3 Bxc3+ 7. bxc3 Nc6 8.
e3 d5 9. Nf3 cxd4 10. exd4 e5 11. cxd5 Qxd5 12. Bxf6 gxf6 13. O-O-O e4 14. Nd2
Bf5 15. Bc4 Qd6 16. Kb2 b5 17. Ba2 Nxd4 18. Qc1 Ne2 19. Qc2 Qd3 20. Bb1 Rac8
21. Nxe4 Qxc2+ 22. Bxc2 Bxe4 23. Bxe4 Nxc3 24. Rde1 Rfd8 25. Bf5 Rc5 26. g4
Rd2+ 27. Kb3 a5 28. Re8+ Kg7 29. Rc1 Na4 30. Rxc5 Rb2# 0-1

[Event "XVI C.to Mondiale seniores"]
[Site "Arvier ITA"]
[Date "2006.09.13"]
[Round "3"]
[White "Sax, Hans"]
[Black "Andersson, Kaj"]
[Result "1-0"]
[WhiteElo "1966"]
[BlackElo "2138"]
[PlyCount "103"]
[EventDate "2006.09.11"]

1. e4 c5 2. c3 d6 3. d4 Bd7 4. Nf3 Nf6 5. e5 dxe5 6. Nxe5 e6 7. Be3 Nd5 8. Qf3
Qf6 9. Qxf6 gxf6 10. Nxd7 Nxe3 11. Nxf6+ Ke7 12. fxe3 Kxf6 13. Nd2 cxd4 14.
exd4 Nd7 15. Bd3 Ke7 16. O-O Bg7 17. Rae1 Rad8 18. Nf3 h6 19. Nh4 Bf6 20. Nf5+
Kf8 21. Nd6 b6 22. Ne4 Be7 23. Bc4 Kg7 24. Ng3 Bg5 25. Ne4 Be7 26. Rf3 Rhf8 27.
Ref1 f5 28. Ng3 Rf6 29. Nh5+ Kf7 30. Nxf6 Kxf6 31. Re1 Nf8 32. g4 Bd6 33. gxf5
exf5 34. Ref1 f4 35. Kf2 Rd7 36. Rh3 Rh7 37. Bd3 Rh8 38. Rg1 h5 39. Be2 Ne6 40.
Rxh5 Rxh5 41. Bxh5 Ng5 42. Ke2 Kf5 43. Bf3 Be7 44. Rg2 Bd8 45. Bc6 Be7 46. h4
Ne4 47. Kf3 Ng3 48. Bd7+ Kf6 49. Kxf4 Bd6+ 50. Kg4 Ne4 51. Re2 Ng3 52. Re6+ 1-0

[Event "XVI C.to Mondiale seniores"]
[Site "Arvier ITA"]
[Date "2006.09.13"]
[Round "3"]
[White "Schwertel, Johann"]
[Black "Zelkind, Eduard"]
[Result "1/2-1/2"]
[WhiteElo "2063"]
[BlackElo "2232"]
[PlyCount "75"]
[EventDate "2006.09.11"]

1. d4 Nf6 2. Nf3 g6 3. Bf4 Bg7 4. c3 d6 5. e3 O-O 6. Be2 b6 7. Nbd2 Bb7 8. O-O
Nbd7 9. Rc1 c5 10. Qa4 a6 11. a3 Qc7 12. b4 Rfc8 13. Qb3 Rf8 14. Rb1 cxd4 15.
cxd4 Bd5 16. Qb2 b5 17. Rbc1 Qb7 18. Rfd1 Nb6 19. Ne1 Rac8 20. Rxc8 Rxc8 21.
Rc1 Na4 22. Rxc8+ Qxc8 23. Qc2 Qb7 24. Bf3 Bxf3 25. Nexf3 Nd5 26. Bg3 Ndc3 27.
Nb1 Nxb1 28. Qxb1 Qc6 29. h3 h6 30. Kh2 Kf8 31. e4 Qc3 32. e5 dxe5 33. dxe5
Qxa3 34. Qe4 Kg8 35. e6 Qb3 36. Qa8+ Kh7 37. exf7 Qxf7 38. Qxa6 1/2-1/2

[Event "XVI C.to Mondiale seniores"]
[Site "Arvier ITA"]
[Date "2006.09.13"]
[Round "3"]
[White "Spassov, Liuben D."]
[Black "Gousseinov, Aguif"]
[Result "1-0"]
[WhiteElo "2387"]
[BlackElo "2049"]
[PlyCount "85"]
[EventDate "2006.09.11"]

1. d4 Nf6 2. c4 e6 3. Nf3 Bb4+ 4. Nbd2 d5 5. Qa4+ Nc6 6. a3 Bxd2+ 7. Bxd2 Ne4
8. Rd1 Nxd2 9. Rxd2 Bd7 10. Qc2 Ne7 11. e3 c6 12. Bd3 f5 13. h4 Ng8 14. Ne5 Nf6
15. f3 Rc8 16. c5 b6 17. b4 bxc5 18. Qxc5 Qb6 19. Rc2 Rf8 20. g3 Qxc5 21. Rxc5
Ke7 22. O-O Ne8 23. Ba6 Rc7 24. Rfc1 Kd6 25. Kf2 h6 26. a4 g5 27. hxg5 hxg5 28.
Nxd7 Kxd7 29. Rxc6 Rxc6 30. Bb5 Nd6 31. Bxc6+ Ke7 32. Rh1 Rb8 33. b5 g4 34.
Rh7+ Nf7 35. fxg4 fxg4 36. Rg7 Kf6 37. Rxg4 Nd8 38. Be8 Ke7 39. Bh5 a6 40. bxa6
Rb2+ 41. Ke1 Ra2 42. Rg7+ Kd6 43. Bd1 1-0

[Event "XVI C.to Mondiale seniores"]
[Site "Arvier ITA"]
[Date "2006.09.13"]
[Round "3"]
[White "Speijer, Nico Bram"]
[Black "De Leeuw, Johannes"]
[Result "1-0"]
[WhiteElo "2201"]
[BlackElo "2001"]
[PlyCount "85"]
[EventDate "2006.09.11"]

1. e4 e5 2. f4 d6 3. Nf3 Nc6 4. Nc3 Nf6 5. Bb5 Bd7 6. d3 exf4 7. Bxf4 Be7 8.
O-O O-O 9. d4 Bg4 10. Qd2 a6 11. Be2 Bh5 12. Rae1 Bg6 13. Bd3 Re8 14. a3 Nd7
15. Nd5 Nf6 16. Nxe7+ Qxe7 17. Bg5 Rad8 18. e5 dxe5 19. dxe5 Qc5+ 20. Be3 Ne4
21. Bxc5 Nxd2 22. Nxd2 Bxd3 23. cxd3 Rxd3 24. Nf3 Rd5 25. Bf2 Nxe5 26. Nxe5
Rexe5 27. Rxe5 Rxe5 28. Re1 Rxe1+ 29. Bxe1 f5 30. Kf2 g5 31. Bd2 g4 32. Kg3 Kf7
33. Kf4 Ke6 34. b4 b6 35. Be3 Kf6 36. a4 h6 37. Bd4+ Ke6 38. Bg7 c5 39. bxc5
bxc5 40. Bxh6 Kf6 41. Bf8 c4 42. Bb4 Ke6 43. Bc3 1-0

[Event "XVI C.to Mondiale seniores"]
[Site "Arvier ITA"]
[Date "2006.09.13"]
[Round "3"]
[White "Veselsky, Jozef"]
[Black "Trifunovic, Dusan"]
[Result "1-0"]
[WhiteElo "2169"]
[BlackElo "1985"]
[PlyCount "83"]
[EventDate "2006.09.11"]

1. d4 d5 2. Nf3 Nc6 3. c4 e5 4. cxd5 Qxd5 5. Nc3 Bb4 6. Bd2 Bxc3 7. Bxc3 exd4
8. Nxd4 Nxd4 9. Bxd4 f6 10. e3 Bd7 11. Be2 Bc6 12. Bf3 Qe6 13. O-O Ne7 14. Bc5
Bxf3 15. Qxf3 Qd5 16. Rac1 Qxf3 17. gxf3 Nc6 18. Rfd1 Rd8 19. b4 a6 20. a4 Ne5
21. Rxd8+ Kxd8 22. f4 Nd7 23. Bd4 Nb6 24. b5 axb5 25. axb5 Nd5 26. Ra1 Kd7 27.
Kg2 Rb8 28. Kf3 b6 29. e4 Ne7 30. Rg1 Rg8 31. h4 Ke6 32. Ke3 g6 33. Rc1 Rc8 34.
f3 c5 35. bxc6 f5 36. c7 Kd7 37. Bxb6 Ra8 38. Rc3 Ra6 39. c8=Q+ Nxc8 40. Rc7+
Kd6 41. e5+ Ke6 42. Bc5 1-0

[Event "XVI C.to Mondiale seniores"]
[Site "Arvier ITA"]
[Date "2006.09.13"]
[Round "3"]
[White "Viner, Phillip J."]
[Black "Donchenko, Anatoly G."]
[Result "1/2-1/2"]
[WhiteElo "2140"]
[BlackElo "2405"]
[PlyCount "47"]
[EventDate "2006.09.11"]

1. Nf3 c5 2. c4 Nf6 3. Nc3 Nc6 4. d4 cxd4 5. Nxd4 g6 6. e4 d6 7. Be2 Bg7 8. Be3
O-O 9. O-O Bd7 10. Rc1 Nxd4 11. Bxd4 Bc6 12. f3 Nd7 13. Bxg7 Kxg7 14. Qd4+ f6
15. Rfd1 a5 16. Nd5 Nc5 17. b3 e5 18. Qc3 Ne6 19. Bf1 Nd4 20. Ne3 Qb6 21. c5
dxc5 22. Qxc5 Qxc5 23. Rxc5 Rfd8 24. Kf2 1/2-1/2